000 00593nam a22002057a 4500
003 UA-OsUOA
001 8428
007 ta
008 20040913b un ||||| |||| 00| 0 ukr d
100 _aЛімборський Ігор.
942 _cSA
040 _aUA-OsUOA
_bukr
_cUA-OsUOA
_dUA-OsUOA
245 _aПросвітництво і постмодернізм - два витки однієї спіралі?
300 _aС.178-189
955 _a0
041 _aukr
044 _aUA
773 0 _w0
_tВсесвіт
_dК.
_d2004
_gN7-8
650 7 _aЛітературознавство
_2UDC
999 _c294589
_d294589